| 000 | 00745cam3a220024100 4500 | ||
|---|---|---|---|
| 001 | zam00003196 | ||
| 008 | 951128s1983 xx eng u | ||
| 035 | _a(Sirsi) r20530 | ||
| 035 | _a(MACHINE)SLC. | ||
| 100 |
_aCheshire, G. _6A81916.1 |
||
| 245 | 1 | 0 | _aModern law of real property. |
| 260 | _c1983. | ||
| 949 |
_aKD167 _wlcc _i33729001474662 _mMAIN _p2500 _tSHORTLOAN _lSHORTLOAN |
||
| 949 |
_aKD167 _wlcc _i33729001483507 _mMAIN _p2500 _tSHORTLOAN _lSHORTLOAN |
||
| 004 | 20530 | ||
| 591 | _aClass code: L 320. | ||
| 591 | _aCourse: Property law and succession. | ||
| 591 | _aSchool: S06. | ||
| 591 | _aLecturer: Dr. HANSUNGULE, K.M. | ||
| 591 | _aNumber of Students: 50. | ||
| 900 |
_2MAIN _8KD167 _9CHE _c2 |
||
| 909 | _aBook | ||
| 999 |
_c8480 _d8480 |
||